[Event "SWE-chT 1920 Superettan"]
[Site "Sweden"]
[Date "2020.10.16"]
[Round "7"]
[White "Faldt, Magnus"]
[Black "Ekenberg, Ulf"]
[Result "1-0"]
[WhiteElo "2146"]
[BlackElo "1964"]
[PlyCount "79"]
[EventDate "2019.10.18"]
[EventType "team-tourn"]
[EventRounds "9"]
[EventCountry "SWE"]
[SourceTitle "EXT 2023"]
[Source "ChessBase"]
[SourceDate "2022.10.05"]
[SourceVersion "1"]
[SourceVersionDate "2022.10.05"]
[SourceQuality "1"]
[WhiteTeam "Norrkoping Schack 08"]
[BlackTeam "Stockholm Rockaden II"]
[WhiteTeamCountry "SWE"]
[BlackTeamCountry "SWE"]

1. d4 d5 2. c4 e6 3. Nc3 c6 4. e3 f5 5. f4 Nf6 6. Nf3 b6 7. Ne5 Bd6 8. Bd3 0-0 9. 0-0 Bb7 10. cxd5 cxd5 11. Bd2 Ne4 12. Nb5 Ba6 13. a4 Qe7 14. Rc1 Rc8 15. Qe2 Nxd2 16. Qxd2 Rxc1 17. Rxc1 Nd7 18. Nc6 Qf8 19. Nbxa7 Bxd3 20. Qxd3 Nf6 21. Qb3 g5 22. Rf1 Qh6 23. Nb5 Bf8 24. Nc7 Rc8 25. fxg5 Qh4 26. gxf6 Bd6 27. Ne5 Bxc7 28. f7+ Kg7 29. g3 Qe4 30. Rc1 h5 31. Qa3 Bd6 32. Rxc8 Bxa3 33. bxa3 Qxe3+ 34. Kg2 Qe2+ 35. Kh3 Qg4+ 36. Nxg4 hxg4+ 37. Kg2 Kxf7 38. Rb8 e5 39. Rxb6 exd4 40. Kf2 1-0

[Event "SWE-chT 1415 Superettan"]
[Site "Sweden"]
[Date "2015.01.17"]
[Round "4"]
[White "Faldt, Magnus"]
[Black "Eriksson, Jorgen"]
[Result "0-1"]
[WhiteElo "2194"]
[BlackElo "2226"]
[PlyCount "78"]
[EventDate "2014.11.21"]
[EventType "team-tourn"]
[EventRounds "9"]
[EventCountry "SWE"]
[SourceTitle "EXT 2018"]
[Source "ChessBase"]
[SourceDate "2017.10.13"]
[SourceVersion "1"]
[SourceVersionDate "2017.10.13"]
[SourceQuality "1"]
[WhiteTeam "Norrkoping Schack 08"]
[BlackTeam "Umea Rockaden"]
[WhiteTeamCountry "SWE"]
[BlackTeamCountry "SWE"]

1. d4 Nf6 2. c4 e6 3. Nc3 Bb4 4. Qc2 0-0 5. e4 d6 6. Bd3 e5 7. Nge2 Nc6 8. d5 Ne7 9. a3 Bxc3+ 10. Qxc3 c6 11. Bg5 Ng6 12. h3 cxd5 13. Bxf6 Qxf6 14. cxd5 Qg5 15. g3 Bd7 16. Qd2 Qd8 17. h4 Rc8 18. h5 Ne7 19. f3 f5 20. Rc1 Rxc1+ 21. Qxc1 h6 22. Qe3 Qa5+ 23. Qd2 Qb6 24. Rh4 fxe4 25. Bxe4 Bf5 26. Bxf5 Rxf5 27. Rb4 Qc7 28. Qc3 Qxc3+ 29. bxc3 Nxd5 30. Rxb7 Rxf3 31. c4 Ne3 32. Rxa7 Nxc4 33. a4 Ra3 34. Kf2 d5 35. g4 d4 36. Ng3 Ra2+ 37. Kf3 Nd2+ 38. Kf2 Ne4+ 39. Kf3 Ng5# 0-1

[Event "SWE-chT2 1112"]
[Site "Sweden"]
[Date "2012.03.09"]
[Round "7"]
[White "Faldt, Magnus"]
[Black "Almstrom, Martin"]
[Result "1/2-1/2"]
[WhiteElo "2257"]
[BlackElo "2147"]
[PlyCount "93"]
[EventDate "2011.10.22"]
[EventType "team-tourn"]
[EventRounds "9"]
[EventCountry "SWE"]
[SourceTitle "EXT 2013"]
[Source "ChessBase"]
[SourceDate "2012.11.22"]
[SourceVersion "1"]
[SourceVersionDate "2012.11.22"]
[SourceQuality "1"]
[WhiteTeam "Norrkoping Schack 08"]
[BlackTeam "Lulea"]
[WhiteTeamCountry "SWE"]
[BlackTeamCountry "SWE"]

1. d4 Nf6 2. c4 e6 3. Nc3 Bb4 4. Qc2 d5 5. cxd5 exd5 6. a3 Bxc3+ 7. Qxc3 Ne4 8. Qc2 Bf5 9. Qa4+ Nc6 10. Nf3 0-0 11. e3 Ng5 12. Be2 Nxf3+ 13. Bxf3 Bd3 14. Qb3 Bc4 15. Qc3 a5 16. b3 Ba6 17. Qc5 Ne7 18. Qxa5 Be2 19. Qd2 Bxf3 20. gxf3 Nf5 21. Bb2 Nh4 22. Qe2 Qf6 23. f4 Rfe8 24. Rg1 Ra6 25. Rg5 Nf5 26. Qd3 g6 27. 0-0-0 h6 28. Rg4 Kh7 29. Kb1 Qe6 30. Rdg1 Rea8 31. h3 Qe7 32. a4 c6 33. Rc1 Qe6 34. Rgg1 Nd6 35. Ba3 b5 36. Bxd6 Qxd6 37. Rc5 bxa4 38. b4 Rb6 39. f5 Rxb4+ 40. Ka1 Rab8 41. fxg6+ fxg6 42. Qa3 R8b6 43. Rgc1 Qd7 44. Rxc6 Rxc6 45. Rxc6 Qxc6 46. Qxb4 Kg7 47. Qe7+ 1/2-1/2

[Event "SWE-chT2 0809"]
[Site "Sweden"]
[Date "2009.03.13"]
[Round "7"]
[White "Faldt, Magnus"]
[Black "Didriksson, Mikael"]
[Result "1/2-1/2"]
[WhiteElo "2190"]
[BlackElo "2091"]
[PlyCount "84"]
[EventDate "2008.10.25"]
[EventType "team-tourn"]
[EventRounds "9"]
[EventCountry "SWE"]
[SourceTitle "EXT 2011"]
[Source "ChessBase"]
[SourceDate "2010.11.26"]
[SourceVersion "1"]
[SourceVersionDate "2010.11.26"]
[SourceQuality "1"]

1. d4 d5 2. c4 c6 3. Nf3 Nf6 4. Nc3 e6 5. e3 Nbd7 6. Bd3 Bd6 7. 0-0 0-0 8. e4 dxe4 9. Nxe4 Nxe4 10. Bxe4 Nf6 11. Bc2 c5 12. dxc5 Bxc5 13. a3 Qxd1 14. Rxd1 b6 15. b4 Be7 16. Ne5 Bb7 17. Be3 Rfd8 18. f3 Bd6 19. Bd4 Nd7 20. Bxh7+ Kxh7 21. Nxf7 Bc7 22. Ng5+ Kg6 23. Nxe6 Rdc8 24. Bxg7 Nf6 25. Nxc7 Rxc7 26. Bxf6 Kxf6 27. Rd6+ Ke5 28. c5 bxc5 29. bxc5 Rxc5 30. Rh6 Rac8 31. Re1+ Kd4 32. Rd1+ Kc3 33. Rh7 Kc2 34. Rd4 R8c7 35. Rh6 Rc3 36. a4 Rg7 37. Kf2 Kc1 38. Re6 Rc2+ 39. Re2 Rxe2+ 40. Kxe2 Rxg2+ 41. Ke3 Rxh2 42. Rd7 Bxf3 1/2-1/2

[Event "Troll Masters"]
[Site "Gausdal"]
[Date "2003.01.08"]
[Round "2"]
[White "Womacka, Mathias"]
[Black "Faldt, Magnus"]
[Result "1-0"]
[WhiteElo "2496"]
[BlackElo "2252"]
[PlyCount "63"]
[EventDate "2003.01.07"]
[EventType "swiss"]
[EventRounds "10"]
[EventCountry "NOR"]
[SourceTitle "CBM 092 Extra"]
[Source "ChessBase"]
[SourceDate "2003.03.07"]
[SourceVersion "1"]
[SourceVersionDate "2003.03.07"]
[SourceQuality "1"]

1. e4 c5 2. Nf3 Nc6 3. d4 cxd4 4. Nxd4 e6 5. Nc3 Qc7 6. Be3 a6 7. Bd3 b5 8. Nxc6 dxc6 9. f4 Nf6 10. 0-0 e5 11. f5 Bb7 12. Qf3 c5 13. Nd5 Nxd5 14. exd5 c4 15. Be4 0-0-0 16. Rad1 Bc5 17. Bxc5 Qxc5+ 18. Kh1 Rhe8 19. Qh3 Kb8 20. Qxh7 Qe3 21. Rfe1 Qg5 22. Qh3 Rh8 23. Qe3 Qh4 24. h3 Rd6 25. b3 cxb3 26. axb3 Rc8 27. c3 f6 28. Rc1 Rxd5 29. Bxd5 Bxd5 30. Rcd1 Bb7 31. Rd7 Rc7 32. Red1 1-0

[Event "Norrkoeping Easter op"]
[Site "Norrkoeping"]
[Date "2002.??.??"]
[Round "7"]
[White "Faldt, Magnus"]
[Black "Carlsson, Pontus"]
[Result "0-1"]
[WhiteElo "2252"]
[BlackElo "2400"]
[PlyCount "34"]
[EventDate "2002.??.??"]
[EventType "swiss"]
[EventRounds "7"]
[EventCountry "SWE"]
[SourceTitle "EXT 2008"]
[Source "ChessBase"]
[SourceDate "2007.11.25"]
[SourceVersion "1"]
[SourceVersionDate "2007.11.25"]
[SourceQuality "1"]

1. d4 Nf6 2. c4 e6 3. Nc3 Bb4 4. Qc2 0-0 5. a3 Bxc3+ 6. Qxc3 b6 7. Bg5 d6 8. e3 Nbd7 9. Bd3 c5 10. Ne2 Ba6 11. Qb3 h6 12. Bh4 Rc8 13. Qa4 cxd4 14. exd4 Nb8 15. 0-0 d5 16. Rac1 dxc4 17. Bxc4 Rxc4 0-1

[Event "Hallstahammar op"]
[Site "Hallstahammar"]
[Date "2001.09.08"]
[Round "4"]
[White "Sundelius, Per"]
[Black "Faldt, Magnus"]
[Result "1-0"]
[WhiteElo "1954"]
[BlackElo "2229"]
[PlyCount "73"]
[EventDate "2001.??.??"]
[EventType "swiss"]
[EventRounds "7"]
[EventCountry "SWE"]
[SourceTitle "EXT 2006"]
[Source "ChessBase"]
[SourceDate "2005.11.24"]
[SourceVersion "1"]
[SourceVersionDate "2005.11.24"]
[SourceQuality "1"]

1. e4 c5 2. Nf3 Nc6 3. Bb5 e6 4. 0-0 Nge7 5. Re1 a6 6. Bf1 Ng6 7. d4 cxd4 8. Nxd4 Be7 9. Be3 0-0 10. Nc3 d6 11. a4 Bd7 12. Nb3 Rc8 13. a5 Nb4 14. Bb6 Qe8 15. Rc1 Ne5 16. Qd4 Nbc6 17. Qd1 Kh8 18. f4 Ng6 19. g3 Nb8 20. Bh3 Nc6 21. Qd2 Ra8 22. Rcd1 Kg8 23. Bg4 Rc8 24. h4 Nh8 25. Kh2 g6 26. Bh3 f6 27. Nc5 dxc5 28. Qxd7 Qxd7 29. Rxd7 Nd4 30. Rd1 Rfe8 31. Na4 f5 32. c3 Nf3+ 33. Kg2 fxe4 34. Bxe6+ Kf8 35. Bd5 g5 36. hxg5 Ng6 37. Bxe4 1-0

[Event "SWE-chT 9596"]
[Site "Sweden"]
[Date "1996.??.??"]
[Round "?"]
[White "Faldt, Magnus"]
[Black "Adler, Bo"]
[Result "0-1"]
[WhiteElo "2230"]
[BlackElo "2255"]
[PlyCount "70"]
[EventDate "1995.??.??"]
[EventType "team"]
[EventRounds "9"]
[EventCountry "SWE"]
[SourceTitle "EXT 1998"]
[Source "ChessBase"]
[SourceDate "1997.11.17"]
[SourceVersion "1"]
[SourceVersionDate "1997.11.17"]
[SourceQuality "1"]

1. d4 d5 2. c4 e6 3. Nc3 Bb4 4. cxd5 exd5 5. Nf3 Nf6 6. Bg5 Nbd7 7. Qb3 c5 8. e3 Qa5 9. Bxf6 Nxf6 10. dxc5 Ne4 11. Rc1 0-0 12. a3 Bxc3+ 13. bxc3 Nxc5 14. Qb4 Qc7 15. Be2 Bf5 16. 0-0 Bd3 17. Qb2 Qa5 18. Nd4 Rac8 19. Rfd1 Bc4 20. Nf5 Qc7 21. Bxc4 dxc4 22. Rb1 Qe5 23. Rd5 Qe6 24. Qb5 b6 25. Qxc4 Ne4 26. Qd4 Nf6 27. Rd1 Rfe8 28. c4 g6 29. Nh6+ Kg7 30. Rd6 Rxc4 31. Qb2 Qe5 32. Qxe5 Rxe5 33. h3 Rh5 34. Ng4 Nxg4 35. hxg4 Rxg4 0-1

[Event "SWE-chT 9394"]
[Site "Sweden"]
[Date "1994.??.??"]
[Round "7"]
[White "Bator, Robert"]
[Black "Faldt, Magnus"]
[Result "1/2-1/2"]
[WhiteElo "2370"]
[BlackElo "2220"]
[PlyCount "76"]
[EventDate "1993.??.??"]
[EventType "team"]
[EventRounds "9"]
[EventCountry "SWE"]
[SourceTitle "EXT 2000"]
[Source "ChessBase"]
[SourceDate "1999.11.16"]
[SourceVersion "1"]
[SourceVersionDate "1999.11.16"]
[SourceQuality "1"]

1. g3 d5 2. Nf3 Nf6 3. Bg2 Bf5 4. 0-0 e6 5. c4 c6 6. b3 Nbd7 7. Bb2 Be7 8. Nc3 0-0 9. d4 Ne4 10. Nd2 Nxc3 11. Bxc3 Nf6 12. Re1 Re8 13. e4 Nxe4 14. Nxe4 Bxe4 15. Bxe4 dxe4 16. Rxe4 Bf6 17. Qf3 Re7 18. Rg4 Rd7 19. Rd1 Rc8 20. Kg2 g6 21. Re4 Bg7 22. h4 h5 23. Bd2 e5 24. Rde1 Rxd4 25. Bg5 Rxe4 26. Qxe4 Qd6 27. Re2 Qe6 28. Rd2 Re8 29. Qd3 Bf6 30. Qd7 Bxg5 31. hxg5 Qe7 32. Qxe7 Rxe7 33. Kf3 Kg7 34. Rd6 Kf8 35. Rd8+ Re8 36. Rd7 Re7 37. Rd8+ Re8 38. Rd7 Re7 1/2-1/2